00563nam a22001697a 4500003000500000038001300005082001400018100001900032245008000051260003200131300003300163500007300196700001600269700002400285700002600309856005800335NUST aM Shaban aBEE-4 AHM aAbdullah Ahmed aEpiWear: A wearable for accurate and timely detection of epileptic seizures aIslamabadbNUST-SEECSc2016 a110p.b27cm.eCD ROM Include aSupervisors: Dr. Hammad Cheema, Dr. Awais Kamboh, Dr. Faisal Shafait aWaqas Ahmed aMuhammad Jazib Khan aShoaib Ahmed Siddiqui u http://10.250.8.41:8080/xmlui/handle/123456789/10692